Which Letter Was Added? - Countries #2 - Statistics

General Stats
  • This quiz has been taken 34 times
  • The average score is 9 of 20
Answer Stats
Hint Answer % Correct
Bhutaan A
100%
Viettnam T
100%
Shweden H
90%
Liechtennstein N
86%
Slovackia C
76%
Azerbiaijan I
72%
Belarusa A
66%
Comoross S
66%
Stingapore T
59%
East Timmor M
52%
Boilivia I
48%
Dominicka K
28%
Chzech Republic H
21%
Laios I
14%
Seyschelles S
14%
Kazackhstan C
7%
Polaand A
3%
Kiribbati B
3%
Cyprius I
3%
Vattican City T
3%
No matching quizzes found
Score Distribution
Percent of People with Each Score
Percentile by Number Answered
Your Score History
You have not taken this quiz